[Event "1st Charlotte Masters 2021"]
[Site "Charlotte"]
[Date "2021.02.15"]
[Round "5.1"]
[White "Mishra, Abhimanyu"]
[Black "Sarkar, Justin"]
[Result "1-0"]
[WhiteElo "2354"]
[BlackElo "2366"]
[Annotator "TA"]
[PlyCount "91"]
[EventDate "2021.02.12"]
[EventType "swiss"]
[EventCountry "USA"]
[SourceTitle "playchess.com"]
[Source "ChessBase"]
[SourceQuality "1"]

{[%evp 9,91,6,4,8,10,23,25,14,9,23,30,24,86,68,76,17,39,40,37,39,39,23,26,24,33,31,29,32,41,18,14,24,11,8,31,31,27,25,31,20,34,26,21,29,70,67,48,61,66,41,404,400,404,387,406,386,370,372,464,433,503,511,483,470,691,684,859,847,878,799,808,754,704,614,11872,11872,2574,1064,5610,1874,6545,1857,1143,1038]} 1. d4 Nf6 2. c4 e6 3. Nf3 a6 4. Nc3 d5 5. c5 b6 6. cxb6 {D37: Queen's Gambit Declined: 5 Bf4.} c5 7. Bf4 {Hoping for Bc7.} Bd6 8. Bxd6 {White has an edge.} Qxd6 {[#]} 9. dxc5 $146 ({Predecessor:} 9. Qb3 Nbd7 10. Na4 c4 11. Qa3 Qxa3 12. bxa3 Rb8 13. Rb1 Bb7 14. e3 Ke7 15. Be2 {0-1 (23) Boyer,M (2295)-Favarel,J (2366) Condom 2019}) 9... Qxc5 10. Qd4 Qxd4 (10... Qe7 $11) 11. Nxd4 $16 e5 12. Nf3 ({White should play} 12. Nb3 $16) 12... d4 13. Na4 {[#] Nc5 is the strong threat.} Nbd7 14. g3 Bb7 15. Bg2 Rb8 16. Rc1 O-O 17. O-O Bd5 18. b3 Rfe8 19. Rc7 Nxb6 20. Nxb6 Rxb6 21. Rfc1 Bxf3 22. Bxf3 e4 23. Bg2 Kf8 24. Kf1 Rd6 25. R1c6 Rdd8 {Black wants to play ...d3.} 26. Rc2 ({Don't play} 26. Rxa6 d3 $17) 26... Nd5 {[#] Threatens to win with ...d3.} 27. R7c4 $1 Nc3 28. Rd2 f5 29. e3 dxe3 $2 {[%mdl 8192] Loses the game.} (29... Nb1 $1 $14 30. Rd1 Nc3) 30. Rxd8 $18 Rxd8 {[%cal Rd8d1]} 31. Rxc3 exf2 $14 {[%mdl 4096] Endgame KRB-KR} 32. Ke2 Ke7 33. Rc2 h5 34. Kxf2 {White is clearly winning.} g5 35. Bf1 a5 36. Be2 Ke6 (36... h4 $142 37. gxh4 gxh4) 37. Ke3 $18 h4 38. gxh4 gxh4 39. Kf4 Rd4 40. Rc6+ Kd5 41. Rc1 Ke6 {Now ...Rd2 and Black clings on.} 42. Rd1 Rb4 43. Bc4+ Kf6 44. Rd6+ Ke7 45. Re6+ Kd7 46. Kxf5 {Weighted Error Value: White=0.07/Black=0.42} 1-0

[Event "1st Charlotte Masters 2021"]
[Site "Charlotte"]
[Date "2021.02.15"]
[Round "5.2"]
[White "Liang, Jason"]
[Black "Sinha, Sahil"]
[Result "0-1"]
[WhiteElo "2342"]
[BlackElo "2324"]
[Annotator "TA"]
[PlyCount "108"]
[EventDate "2021.02.12"]
[EventType "swiss"]
[EventCountry "USA"]
[SourceTitle "playchess.com"]
[Source "ChessBase"]
[SourceQuality "1"]

{[%evp 9,108,19,28,18,23,20,46,8,28,14,81,14,33,0,0,0,7,-20,-2,-9,-8,-14,0,0,0,-52,-4,-73,-58,-165,-160,-158,-159,-133,-67,-63,-70,-70,-52,-73,0,0,124,-68,-71,-72,-70,-79,-75,-147,-147,-203,-32,-33,-31,-33,-31,-30,-31,-32,-32,-32,-32,-32,-23,-30,-26,-25,0,0,218,0,0,0,0,-1341,-1194,-4906,-2235,-12839,-12842,-12843,-12843,-29989,-29990,-29990,-12839,-12840,-12840,-29984,-29985,-29985,-29986,-29986,-12845,-12845,-12845,-12846,-12846,-12850,-12850]} 1. d4 Nf6 2. Bg5 Ne4 3. h4 c5 4. d5 Nxg5 5. hxg5 g6 6. e4 {A45: Trompowsky Attack.} Bg7 7. c3 d6 8. Nd2 {White is slightly better.} a6 9. a4 b6 (9... h6 $11) 10. Ngf3 (10. f4 $1 $16) 10... Nd7 {[#]} 11. g3 $146 ({Predecessor:} 11. Bd3 Qc7 12. Qe2 Bb7 13. Rh3 O-O 14. Qe3 Rfe8 15. Qf4 Nf8 16. Nh2 Bc8 17. Rf3 {0-1 (39) Morales Camacho,J (2230)-Vidarte Morales,A Zaragoza 1993}) 11... Rb8 12. Nc4 Qc7 13. Qc1 b5 14. axb5 axb5 15. Na5 c4 16. Nc6 Rb6 17. Ra8 (17. Qe3 $11) 17... Nc5 {White must now prevent ...Rxc6.} (17... Rxc6 $5 18. dxc6 Qxc6 $11 {[%mdl 64] Double Attack}) 18. Qf4 (18. Nfd4 $11) 18... e5 (18... Rxc6 $5 19. dxc6 Qxc6 $15) 19. Qh4 (19. Qe3 $15) 19... Ra6 20. Rxa6 Bxa6 21. Nd2 Na4 ({Better is} 21... Bb7 $17 22. b3 Bxc6 23. dxc6 cxb3 24. Bxb5 h5) 22. b3 $1 $15 {[%cal Rb3a4]} cxb3 23. Nxb3 h5 24. Bd3 Qb6 (24... Bc8 $17 25. Bxb5 Nxc3) 25. O-O $11 Nxc3 (25... Bc8 $11 {keeps the balance.}) 26. Nb4 $2 (26. Qh3 $16 Na4 27. Rb1) 26... Bb7 $15 27. Qh3 O-O 28. Rc1 Rc8 29. Qd7 (29. Nc6 $142 Rxc6 30. dxc6 Qxc6 31. Qf1) 29... Bf8 $1 $17 30. Kg2 (30. Nc6 $17 b4 31. Nba5) 30... Rd8 $2 31. Qh3 $15 Na4 32. Nc6 Bxc6 33. dxc6 Nc5 34. Nxc5 dxc5 35. Bxb5 Be7 36. Rb1 Bxg5 {aiming for ...c4!} 37. Qh1 Kg7 {Threatening ...Rd2.} 38. Ba4 Qa5 (38... Qa6 {seems wilder.} 39. Bb5 Qc8 40. Qe1 Rd4 41. Qe2 h4) 39. Bb3 Rd4 $2 {[#]} (39... Rd2 $11 40. Qe1 c4 41. Bxc4 Qc5 {[%mdl 64] Double Attack}) 40. Bd5 $2 (40. Bxf7 $1 $18 {[%mdl 512]} Rb4 41. Rd1 $1) 40... c4 $36 {[%mdl 2048] Threatens to win with ...c3. Black is pushing.} 41. Kh3 {Hoping for Rb7.} c3 {And now ...c2 would win.} 42. Rb7 $2 {[%mdl 8192]} (42. Qf3 $11 Rxd5 43. exd5) 42... c2 $19 43. Qf3 {[#]} Bf4 $1 {[%mdl 512]} 44. Rxf7+ (44. Bxf7 c1=Q) 44... Kh6 45. gxf4 c1=Q {( -> ...Qae1)} 46. Qg2 Rd3+ 47. f3 {[#]} Qxf4 $1 48. Rxf4 exf4 {[%mdl 4096] Endgame KQR-KQB} 49. Bf7 g5 50. Bxh5 Qe1 {[%csl Gg5][%cal Re1h4][%mdl 64] Zwischenzug} ({And not} 50... Kxh5 51. Qg4+ Kh6 52. Qe6+ Kg7 53. Qe7+ Kh8 54. Qe8+ Kh7 55. Qf7+ Kh8 56. Qf8+ Kh7 57. Qf7+ Kh6 58. Qe6+ Kg7 59. Qe7+ Kh8 60. Qf8+ Kh7 61. Qf7+ $11) 51. Kg4 Qg3+ (51... Qh4+ $142 52. Kf5 Qxh5 53. Qg4 Qg6+ 54. Ke5 Qd6+ 55. Kf5 Qf8+ 56. Ke5 Qd6+ 57. Kf5 Qf8+ 58. Ke5 Qd6+) 52. Qxg3 {Black is clearly winning.} fxg3 53. c7 Rc3 ({Worse is} 53... g2 54. c8=Q $11) 54. Kxg3 Kxh5 {Weighted Error Value: White=0.83/Black=0.42} 0-1

[Event "1st Charlotte Masters 2021"]
[Site "Charlotte"]
[Date "2021.02.15"]
[Round "5.3"]
[White "Mardov, Dimitar"]
[Black "Wang, Tianqi"]
[Result "1-0"]
[WhiteElo "2265"]
[BlackElo "2307"]
[Annotator "TA"]
[PlyCount "69"]
[EventDate "2021.02.12"]
[EventType "swiss"]
[EventCountry "USA"]
[SourceTitle "playchess.com"]
[Source "ChessBase"]
[SourceQuality "1"]

{[%evp 9,69,41,47,0,0,0,0,0,0,0,0,0,0,-23,-10,-44,-19,-7,-10,-16,0,0,37,27,41,31,29,0,11,-6,0,0,0,0,0,0,0,17,34,38,27,0,0,-87,53,-58,-45,-133,13,10,180,30,29,32,46,42,65,49,158,83,900,883]} 1. d4 Nf6 2. Nf3 c5 3. d5 b5 4. Bg5 d6 5. Bxf6 exf6 6. a4 {A43: Schmid Benoni.} b4 7. e4 g6 8. Bb5+ {The position is equal.} Nd7 9. Nbd2 Bg7 10. O-O O-O 11. Nc4 {[#]} Ne5 $146 ({Predecessor:} 11... Nb6 12. Nxb6 Qxb6 13. Re1 Bb7 14. Rb1 a6 15. Bf1 Rfe8 16. Nd2 Re7 17. Nc4 Qc7 {½-½ (61) Doettling,F (2360)-Gershon,A (2460) Oropesa del Mar 1998}) 12. Nfd2 a6 13. Nxe5 $1 fxe5 (13... axb5 $5 14. Nc6 $8 Qb6 $11) 14. Be2 f5 15. a5 Ra7 16. c3 bxc3 17. bxc3 Bh6 18. Bd3 Qh4 19. g3 Qd8 20. exf5 gxf5 21. Nc4 e4 22. Bc2 Qf6 23. Rb1 Rg7 24. Rb6 Bf4 25. Kh1 Be5 {Hoping for ...f4.} 26. Qh5 (26. Rg1 $11) 26... Rd8 (26... f4 $1 $17 {[%cal Rf4g3]} 27. Qxe5 (27. Bxe4 $2 fxg3 28. Nxe5 gxf2 $19) 27... dxe5 28. Rxf6 Rxf6) 27. f3 (27. Nxe5 $14 Qxe5 {[%mdl 64] Double Attack} 28. c4) 27... Bxg3 $1 $15 28. fxe4 {[#]} ({White should try} 28. hxg3 $15 Rg6 29. Kg2 (29. fxe4 $2 Rh6 $19)) 28... Qxc3 ({Better is} 28... Rg5 $1 $17 {[%cal Rg5h5]} 29. Qe2 Qh6) 29. Qe2 $36 {[%mdl 2048] White has the initiative.} Bh4 $2 (29... f4 $11 {and Black is okay.}) 30. Rxd6 (30. Nxd6 $18 f4 31. Nxc8 Rxc8 32. Rxf4 Qe1+ 33. Qxe1 Bxe1 34. Rxa6) 30... Rf8 {White must now prevent ...fxe4.} 31. exf5 {Threatens to win with Nb6.} Bf6 32. Qd3 Qxd3 33. Bxd3 Bb7 {[#]} ({Black should play} 33... Bd4 $14) 34. Nb6 (34. Rg1 $142 $1) 34... Rd8 $2 {[%mdl 8192]} 35. Rxf6 {Weighted Error Value: White=0.30/Black=0.27} 1-0

[Event "1st Charlotte Masters 2021"]
[Site "Charlotte"]
[Date "2021.02.15"]
[Round "5.4"]
[White "Colas, Joshua"]
[Black "Posthuma, Joshua"]
[Result "1-0"]
[WhiteElo "2280"]
[BlackElo "2307"]
[Annotator "TA"]
[PlyCount "93"]
[EventDate "2021.02.12"]
[EventType "swiss"]
[EventCountry "USA"]
[SourceTitle "playchess.com"]
[Source "ChessBase"]
[SourceQuality "1"]

{[%evp 14,93,21,32,25,31,40,34,40,39,86,51,50,36,62,43,87,72,70,47,167,52,164,145,256,189,284,243,366,380,383,381,622,602,601,612,610,581,846,808,816,733,866,865,836,820,798,794,772,281,286,286,277,269,247,177,581,592,592,569,522,384,29987,29988,29988,899,855,851,736,620,5377,736,12840,12840,29985,29986,29987,29977,29988,29989,29989,29990]} 1. e4 c6 2. d4 d5 3. Nd2 dxe4 4. Nxe4 Nf6 5. Nxf6+ exf6 6. c3 Bd6 7. Bd3 O-O 8. Qc2 (8. Ne2 {looks sharper.} Re8 9. O-O Na6 10. Bf4 Nc7 11. Qd2) 8... Re8+ {B15: Caro-Kann: 3 Nc3: 3...g6 and 3...dxe4 4 Nxe4 Nf6 5 Nxf6+ exf6.} 9. Ne2 h5 10. O-O h4 {White is slightly better.} 11. h3 Qc7 {[#]} 12. Kh1 $146 ({Predecessor:} 12. Bd2 Nd7 13. c4 Qd8 14. Rfe1 Nf8 15. Rad1 Bc7 16. d5 cxd5 17. cxd5 Bd7 18. Qc4 {½-½ (36) Xiong,J (2708)-Najer,E (2635) Douglas 2019}) 12... Nd7 13. Ng1 c5 14. Nf3 g5 15. Bd2 (15. d5 {feels hotter.} Kg7 16. Qd1 Rh8 17. Bd2 a6 18. c4) 15... Nf8 16. c4 Ne6 {[#] White stays focused until the end.} (16... cxd4 $14 17. Nxd4 Bd7) 17. Rae1 (17. d5 $1 $18 {[%cal Rd5e6]}) 17... Bd7 (17... cxd4 $14 18. Nxd4 {[%mdl 64] Pin} Bd7 19. Bh7+ Kh8) 18. d5 $18 Nf4 (18... Nd4 $16 19. Nxd4 cxd4) 19. Bh7+ Kg7 (19... Kf8 $142 20. Bc3 Rxe1 21. Rxe1 Qc8) 20. Bc3 b5 (20... Ng6 $142) 21. Nxg5 bxc4 22. Bf5 {Threatens to win with Bxd7.} ({Don't take} 22. Bg8 Nd3 $18) 22... Rxe1 $2 (22... Re5) 23. Rxe1 Re8 24. Rxe8 Bxe8 {[#]} 25. Bd7 $1 {[%mdl 512] Qh7+ would kill now.} Kf8 (25... Nd3 26. Bxe8) 26. Nh7+ {[%mdl 64] Double Attack} Ke7 27. Qe4+ Kxd7 28. Nxf6+ {[%mdl 64] Double Attack} Kc8 29. Nxe8 Qe7 30. Nxd6+ Qxd6 31. Be5 $2 (31. Qe8+ Qd8 32. Qc6+ {[%mdl 64] Double Attack} Qc7 33. Qxc7+ Kxc7 34. Be5+ {[%mdl 64] Double Attack} Kd8 35. Bxf4) 31... Nd3 32. Qg4+ ({Not} 32. Bxd6 Nxf2+ 33. Kg1 Nxe4 $11) 32... Qd7 33. Qxh4 Qxd5 34. Bg3 Ne1 $2 (34... Kd7 {is tougher.} 35. Qf6 Qe6) 35. f3 Nd3 36. Qe7 {[%csl Gg3][%cal Re7c7]} Qd7 37. Qe4 {[%cal Re4a8]} Qd4 $2 (37... Kd8 $18 38. Qxc4 Ke8) 38. Qe8+ Kb7 39. Qxf7+ (39. Qb8+ $142 Ka6 40. Qc8+ Kb6 41. Qc7+ Kb5 42. Qb7+ Ka4 43. Qa6+ Kb4 44. Bc7) 39... Ka6 40. Qe6+ Kb7 41. Kh2 Qxb2 42. Qxc4 (42. Qd7+ $142 Ka6 43. Bc7) 42... Nc1 43. Qd5+ Kb6 44. Qd6+ {White mates.} Ka5 45. Qxc5+ Ka4 46. Qxa7+ Kb4 47. Qb6+ {Weighted Error Value: White=0.33/Black=0.90} 1-0

[Event "1st Charlotte Masters 2021"]
[Site "Charlotte"]
[Date "2021.02.15"]
[Round "5.5"]
[White "Chiu, Isaac"]
[Black "Eckert, Doug"]
[Result "1/2-1/2"]
[WhiteElo "2209"]
[BlackElo "2151"]
[Annotator "TA"]
[PlyCount "72"]
[EventDate "2021.02.12"]
[EventType "swiss"]
[EventCountry "USA"]
[SourceTitle "playchess.com"]
[Source "ChessBase"]
[SourceQuality "1"]

{[%evp 18,72,0,-11,0,0,0,0,0,0,0,0,0,0,-12,-8,-12,-23,-17,-25,0,-7,-14,-77,-55,-67,117,-28,-14,-89,-58,-62,-60,-81,-55,-102,-97,-137,-120,-120,-126,-102,0,-114,-56,-41,-35,-68,0,0,0,0,0,0,0,0,0]} 1. Nf3 d5 2. c4 e6 3. g3 Nf6 4. Bg2 Be7 5. O-O O-O 6. b3 c5 7. Bb2 d4 8. e3 Nc6 9. exd4 cxd4 10. Re1 Ng4 {A14: English Opening: 1...e6 with b3 by White.} 11. Ba3 f6 12. Bxe7 Qxe7 13. d3 e5 14. a3 a5 {[#]} 15. Qc2 $146 ({Predecessor:} 15. Nbd2 Nh6 16. Qc2 Nf7 17. c5 Be6 18. Rab1 Na7 19. Nxd4 exd4 20. Bd5 Nb5 21. Rxe6 {0-1 (32) Riemelmoser,F (2338)-Buhmann,R (2567) Austria 2017}) 15... Be6 16. Nbd2 Nh6 17. Qb2 Nf7 18. Rec1 b6 19. Ne1 Rac8 20. Nc2 (20. b4 $11) 20... Ng5 $17 21. b4 f5 $2 (21... Nh3+ $15 {stays ahead.} 22. Bxh3 Bxh3) 22. Re1 (22. f4 $16 Nf7 23. Re1) 22... f4 $11 23. Ne4 (23. b5 $11 {keeps the balance.} Qf6 24. bxc6 fxg3 25. f3) 23... f3 24. Nxg5 Qxg5 25. Bf1 Qh5 26. Qc1 Rce8 27. bxa5 bxa5 ({Reject} 27... Nxa5 $6 28. Qb2 $11) 28. Rb1 {[%cal Ba1b1,Bb1b6,Bb6c6][%mdl 32]} Rf6 29. Rb6 Bf5 (29... Bg4 $17 {White should prevent ...g5.} 30. Re4 g5 31. Nxd4 exd4 32. Rxe8+ Qxe8 33. Qxg5+ Qg6 34. Qd5+ Kh8) 30. Qd2 (30. Qb2 $11 {remains equal.}) 30... Rh6 (30... g5 $17 {aiming for ...Rh6.} 31. Nxd4 {[#]} Rh6 $1) 31. h4 $15 Rg6 32. Kh2 Rg4 33. Rxc6 $11 {The position is equal.} Rxh4+ 34. gxh4 Qxh4+ 35. Kg1 {[#] Strongly threatening Re4.} Qg4+ 36. Kh2 {Threatens to win with Re4.} Qh4+ {Weighted Error Value: White=0.28/Black=0.26} 1/2-1/2

[Event "1st Charlotte Masters 2021"]
[Site "Charlotte"]
[Date "2021.02.15"]
[Round "5.6"]
[White "Park, Evan"]
[Black "Wu, Rochelle"]
[Result "0-1"]
[WhiteElo "2207"]
[BlackElo "2095"]
[Annotator "TA"]
[PlyCount "102"]
[EventDate "2021.02.12"]
[EventType "swiss"]
[EventCountry "USA"]
[SourceTitle "playchess.com"]
[Source "ChessBase"]
[SourceQuality "1"]

{[%evp 23,102,29,45,31,34,0,0,0,0,0,0,0,0,0,28,21,25,-44,-57,-71,-37,-29,-36,-27,-35,-108,-78,-152,-18,-10,0,0,0,0,0,-75,-93,-88,-87,-72,0,-1142,-1120,-1002,-768,-545,-350,-341,-333,-337,-318,-319,-334,-332,-243,-520,-520,-475,-419,-408,-367,-353,-424,-1116,-1058,-959,-681,-5386,-6307,-29974,-460,-29983,-29974,-29989,-29990,-29995,-29996,-29996,153,-29997,0]} 1. e4 c5 2. Nf3 d6 3. d4 cxd4 4. Nxd4 Nf6 5. Nc3 g6 6. Be3 Bg7 7. f3 O-O 8. Qd2 Nc6 9. Bc4 Bd7 10. O-O-O Rc8 11. Bb3 Nxd4 $1 {[%mdl 4] is more profitable than 11...Ne5 at the moment.} 12. Bxd4 b5 $1 13. a3 {B78: Sicilian Dragon: Yugoslav Attack, 9 Bc4 Bd7 10 0-0-0 Rc8.} a5 14. h4 b4 15. axb4 {The position is equal.} axb4 16. Nd5 Nxd5 17. Bxg7 ({But not} 17. Bxd5 Qa5 $17) 17... Kxg7 $40 {[%mdl 128] Black attacks.} 18. exd5 Qa5 {[%cal Ra5a1]} (18... Kg8 {seems wilder.} 19. h5 Bf5 20. hxg6 Bxg6 21. Qxb4 Rb8) 19. Qd4+ Kg8 20. Kd2 (20. h5 $11) 20... e5 $1 $15 {[%cal Re5d4] [#]} 21. dxe6 $146 ({Predecessor:} 21. Qe3 f5 22. Ra1 Qb5 23. Qa7 Rfd8 24. Ra5 Qb8 25. Rha1 Kf8 26. Qxb8 Rxb8 27. Ra7 {1-0 (36) Gaehwiler,G (2416)-Gerber,R (2312) Graechen 2017}) 21... Bxe6 22. Bxe6 fxe6 23. Rhe1 Rf5 24. Ke2 (24. Ra1 $15 Qc7 25. Ke2) 24... Rd5 25. Qf6 (25. Qg4 $142 Re5+ 26. Kf1) 25... Re5+ (25... Rxc2+ $17 26. Kf1 Qa6+ 27. Kg1 Qa7+ 28. Kh2 Qf7 29. Qd8+ Qf8 30. Qxf8+ Kxf8 31. Rxd5 exd5) 26. Kf1 $11 Qa6+ 27. Rd3 $1 b3 (27... Rxc2 $5 28. Qd8+ $8 Kg7 29. Qe7+ Kg8 30. Qd8+ Kg7 31. Qe7+ Kg8 32. Qd8+ $11) 28. Rxe5 dxe5 {[%mdl 4096] Endgame KQR-KQR} 29. Kg1 (29. c4 $1 $11 {keeps the balance.} Qxc4 30. Kf2) 29... Rf8 $17 ({Of course not} 29... bxc2 $6 30. Rd8+ Rxd8 31. Qxd8+ Kg7 32. Qc7+ Kf6 33. Qxc2 $11) 30. Qg5 bxc2 31. Rc3 Rc8 ({Black should try} 31... e4 $17 32. Rxc2 exf3) 32. Rxc8+ $4 {[%mdl 8192]} (32. Kh2 $11) 32... Qxc8 $11 {KQ-KQ} 33. Qc1 Qc4 {aiming for ...Qd4+.} 34. Kf2 Qxh4+ 35. Ke2 {[#]} Qc4+ 36. Kd2 e4 37. fxe4 Qxe4 38. Qf1 e5 39. g3 $2 (39. Kc1) 39... h5 $19 40. b3 c1=Q+ {[%mdl 64] [#] Decoy} 41. Kxc1 Qe3+ 42. Kb2 Qxg3 43. Qc4+ (43. b4 $142 Qf4 44. Qb5) 43... Kg7 44. b4 h4 {And now ...h3 would win.} 45. b5 {If only White now had time for Qc7+....} h3 46. Qc6 Kh6 (46... Qf2+ $142 47. Kb1 Qg1+ 48. Kb2 h2 49. Qc7+ Kh6 50. Qxe5 h1=Q 51. Qh8+ Kg5 52. Qe5+ Kg4 53. Qe6+ Kf4 54. Qf6+ Ke4 55. Qc6+ Ke5 56. Qc7+ Ke6 57. Qc8+ Kd6 58. Qf8+ Kd5 59. Qg8+ Kc5 60. Qc8+ Kxb5 61. Qd7+ Qc6 62. Qd3+ Kb6 63. Qd8+ Ka6 64. Qd3+ Qb5+ 65. Qxb5+ Kxb5 66. Kb3 Qe3+ 67. Kc2 Kc4 68. Kd1 Qf2 69. Kc1 Kc3 70. Kd1 Qf1#) 47. Qc7 (47. b6 $19 Qg2+ 48. Qxg2 hxg2 49. b7) 47... h2 48. b6 Qf2+ 49. Ka3 h1=Q 50. Qxe5 Qf6 $2 51. b7 $2 Qh5 $2 {[%mdl 32768] Weighted Error Value: White=1.02/Black=0.44. Loss on time!?} 0-1

[Event "1st Charlotte Masters 2021"]
[Site "Charlotte"]
[Date "2021.02.15"]
[Round "5.7"]
[White "Yanayt, Eugene"]
[Black "Wu, Derek"]
[Result "1-0"]
[WhiteElo "2100"]
[BlackElo "2198"]
[Annotator "TA"]
[PlyCount "121"]
[EventDate "2021.02.12"]
[EventType "swiss"]
[EventCountry "USA"]
[SourceTitle "playchess.com"]
[Source "ChessBase"]
[SourceQuality "1"]

{[%evp 14,121,0,0,0,0,0,0,0,-12,5,5,8,0,10,0,19,17,15,0,8,-5,0,0,11,13,36,37,27,7,21,22,16,37,27,26,29,12,12,16,15,18,23,2,78,78,78,64,77,77,80,81,97,21,21,44,132,125,128,134,125,120,176,176,177,177,360,353,347,357,355,356,352,317,443,328,278,336,418,279,421,262,643,632,771,761,708,668,560,470,854,862,720,524,660,454,1941,462,2352,1983,29980,29981,29981,29982,29982,29983,29983,29984,29984,422]} 1. d4 Nf6 2. c4 e6 3. Nf3 d5 4. g3 Be7 5. Bg2 O-O 6. Qc2 c5 7. dxc5 Qa5+ 8. Nc3 $1 {The main line 8.Nc3 scores better than 8.Nbd2.} dxc4 {E06: Closed Catalan: Early deviations.} 9. O-O Qxc5 {[#]} 10. Ne4 $146 ({Predecessor:} 10. Bg5 Nc6 11. Bxf6 Bxf6 12. Ne4 Qf5 13. Rfd1 Bxb2 14. Qxb2 Qxe4 15. Rac1 e5 16. Nd4 {½-½ (36) Dubov,D (2702)-Radjabov,T (2765) chess24.com INT 2020}) 10... Nxe4 {The position is equal.} 11. Be3 Qb4 12. Qxe4 Nc6 13. a3 Qxb2 14. Qxc4 Bf6 15. Rab1 Qc3 ({Of course not} 15... Qxa3 16. Bc5 $16) 16. Nd2 Rd8 17. Qa2 Qa5 18. Nb3 Qc7 19. Rfc1 e5 20. Nc5 Rb8 21. Bd5 Bf5 {[#]} 22. Rxb7 Rxb7 23. Nxb7 Qxb7 24. Bxc6 Qe7 25. Bc5 Qc7 26. Bd5 e4 27. Be3 $36 {[%mdl 2048] White has some pressure.} Qd7 28. Rc5 Bg6 (28... Bh3 $11 {remains equal.}) 29. Qc4 $16 h5 30. Bxe4 Qd1+ 31. Kg2 {Bxg6 is the strong threat.} Bxe4+ 32. Qxe4 Qxe2 33. Qc4 (33. Qf3 $16 Qd3 34. Rxh5) 33... Qxc4 $11 34. Rxc4 {[%mdl 4096] Endgame KRB-KRB} Rd3 {Black is now going downhill.} ({Black should play} 34... Ra8 $14) 35. a4 $16 a5 {[#]} 36. Rc8+ $1 Kh7 37. Rc5 Bc3 (37... Bd8 $16) 38. Rxh5+ $18 Kg6 39. Rb5 {And now Rb3 would win.} Bb4 $2 (39... Rd8 {might work better.} 40. Rg5+ Kh7) 40. Bb6 Ra3 41. Bxa5 Be7 42. Bb4 Bxb4 43. Rxb4 {KR-KR} f5 44. Rf4 Kf6 45. h4 Ra1 46. Kf3 g6 (46... Ke5 $142 47. Rb4 Rf1) 47. Ke3 Rd1 $2 (47... Ke5 48. Rb4 Ra3+ 49. Ke2 Kf6 50. Rb6+ Kg7) 48. Rd4 Ra1 49. Kf4 Ra2 50. f3 Ra3 51. Rd6+ Kf7 (51... Kg7 $142 52. Ra6 Kf7) 52. Ra6 Kg7 53. a5 Kh6 54. Ra8 Kh7 (54... Rd3 $142 55. a6 Ra3) 55. a6 (55. Kg5 $142 {Hoping for Ra7+.} Rxf3 56. Ra7+ Kg8 57. a6 Rxg3+ 58. Kh6) 55... Kg7 (55... Kh6 $142 56. a7 Kg7) 56. Kg5 Rxf3 57. Ra7+ {White mates.} Kg8 58. Rb7 Rxg3+ 59. Kh6 Ra3 60. a7 f4 61. Rb8+ {Weighted Error Value: White=0.17/Black=0.35} 1-0